000
00321nam a2200121Ia 4500
008
151213s9999 xx 000 0 und d
245
_a
Medium Term Budget any Finance . Work 2005 - 06 - 07 - 08
_b
II
260
_a
Dhaka
_b
Govt.Govt.
_c
2005
300
_a
2357 p.
650
_a
Economics
650
_a
Economics
999
_c
1666
_d
1666